000 00864nam a22002417a 4500
003 BD-DhSAU
005 20211003123501.0
008 210929b |||||||| |||| 00| 0 eng d
040 _aBD-DhSAU
082 _222
_a635
_bN59
100 _aNILA, DILARA ISLAM
_eRegistration No.:# 13-05420
245 _aGrowth and yield of cabbage as influencedby ga3 and mulching /
_bMs Thesis
260 _aSher-e-bangla Agricultural University Dhaka 1207;
_bDepartment of Horticulture;
_c2020;
300 _aviii;
_b82p.;
_c30cm.;
500 _aIncluding Index.;
590 _anazmul
600 _qcabbage
610 _aga3 and mulching
700 _aProf. Md. Hasanuzzaman Akand
_eSupervisor
710 _aProf. Dr. Md. Jahedur Rahman
_eCo-Supervisor
856 _yOnline Access
_uhttp://archive.saulibrary.edu.bd:8080/xmlui/handle/123456789/3527
942 _2ddc
_cTHESIS
999 _c15480
_d15479